000 00498nam a2200181Ia 4500
003 LK-CoDNM
008 010623t2003 xxu||||| |||| 00| 1 sin d
040 _aLK-CoDNM
_dLK-CoDNM
_eLK-CoDNM
041 _asin
080 _a77
_bGUN
100 _aGunasekara, Uditha Gayashan
245 _aනිසල කලාවක චමත්කාරය
246 _aNisala kalavaka chamathkaraya
260 _bM.D.Gunasena
_aColombo
_c2003
300 _b100, 22 cm
650 _aPhotography
942 _cBK
999 _c122930
_d122930